Eduardo Frei Montalva. (1911-1982).

Saved in:
Bibliografiske detaljer
Hovedforfatter: Gazmuri Riveros, Cristián (autor)
Andre forfattere: Arancibia, Patricia (autor), Góngora Escobedo, Álvaro (autor)
Format: Bog
Sprog:spansk
Udgivet: Santiago, Chile: Fondo de Cultura Económica, 1996.
Udgivelse:Primera edición.
Serier:Sección de Obras de Historia.
Fag:
Tags: Tilføj Tag
Ingen Tags, Vær først til at tagge denne postø!

MARC

LEADER 00000nam a2200000 a 4500
001 UCS4575
003 CL-VaPUC
005 20220822114331.0
008 970808e19960000CL |||||||||||||||||spa|d
999 |c 261546  |d 261544 
020 |a 956-7083-62-2 
040 |c Pontificia Universidad Católica de Valparaíso 
082 0 4 |a 983.064 GAZ 1996  |2 21 
100 |a Gazmuri Riveros, Cristián  |e autor  |9 617185 
245 1 0 |a Eduardo Frei Montalva.  |b (1911-1982).  
250 |a Primera edición.  
260 |a Santiago, Chile:   |b Fondo de Cultura Económica,   |c 1996.  
300 |a 526 páginas.  
490 0 |a Sección de Obras de Historia.  
500 |a c.3 Donación Familia Prof. Alejandro Guzmán Brito.  
583 |a last modification  |c 19970808 00:00:00  |k Rodrigo Vera 
600 0 |a Frei Montalva, Eduardo  |9 255811 
650 0 |a Historia  |9 255047 
650 0 |a Presidentes  |9 255176 
650 7 |a GOBIERNOS  |2 CL-VaPUC  |9 376544 
650 0 |a Política internacional  |9 255813 
650 0 |a Cristianismo  |9 257361 
650 7 |a DEMOCRACIA CRISTIANA  |2 CL-VaPUC  |9 336874 
700 0 |a Arancibia, Patricia  |e autor  |9 390459 
700 |a Góngora Escobedo, Álvaro  |e autor  |9 448766 
942 |c BK  |2 ddc  |n 0 
945 |d 19970808 00:00:00  |a rleighto 
952 |0 0  |1 0  |4 0  |6 983_064000000000000_GAZ_1996  |7 0  |8 A  |9 289097  |a BIBHIS  |b BIBHIS  |d 2019-11-19  |i 3339645  |l 1  |o 983.064 GAZ 1996  |p 3339645  |r 2025-01-20  |s 2023-03-14  |w 2019-11-19  |y BK  |k HIS 
952 |0 0  |1 0  |4 0  |6 983_064000000000000_GAZ_1996  |7 0  |8 A  |9 289098  |a BIBHIS  |b BIBHIS  |d 2019-11-19  |i 3886417  |l 4  |o 983.064 GAZ 1996  |p 3886417  |r 2025-01-20  |s 2023-06-29  |w 2019-11-19  |y BK  |k HIS